Nausikaá

Bibliographic Details
Main Author: Buzássy, Ján, 1935- (Author)
Format: Book
Language:Slovak
PhysicalDescription:6 s. Ilustr. 15 cm
Published: Liptovský Mikuláš Okresná knižnica Gašpara Fejérpataky-Belopotockého 1995
ISBN:8085702142
Subjects:

MARC

LEADER 00000cam a2200000 a 4500
001 vtls001078288
003 SK-MaSNL
005 20260301232941.0
008 160314s1995 xo 0000p slo
015 |a SNBA1995/04 
020 |a 8085702142  |q (brož.) 
035 |a SNK000021123 
040 |a SNK  |b slo  |c SNK  |e AACR2 
041 0 |a slo 
044 |a xo  |c SK 
080 |a 885.4-1  |2 1981 
100 1 |a Buzássy, Ján,  |d 1935-  |4 aut  |9 109313 
245 1 0 |a Nausikaá  |c Ján Buzássy 
260 |a Liptovský Mikuláš  |b Okresná knižnica Gašpara Fejérpataky-Belopotockého  |c 1995 
300 |a 6 s.  |b Ilustr.  |c 15 cm 
500 |a Voľné zložky v prebale 
655 7 |a slovenská poézia  |2 SNKPH  |9 70444 
919 |a 80-85702-14-2 
958 |a TL 
958 |a LX 
958 |a BQ 
958 |a OND 
999 |c 963739  |d 965669 
952 |a SNK  |b SNK  |y VYP  |7 0  |p 17A0579532  |o snkOSE 3259 D1  |i snkKSP 2992/95  |0 0  |1 0  |4 0  |d 2008-02-27  |l 0  |r 2026-02-24 10:27:55  |w 2026-02-24